Chci hrát šachy /

Uložené v:
Podrobná bibliografia
Hlavný autor: Alster, Ladislav, 1927-1991 (Author)
Médium: Kniha
Jazyk:Czech
Vydané: Praha : Práce, 1980.
Vydanie:1. vyd.
Edícia:Kamarád
ISBN: (brož.)
Fyzický popis: 374 s. : obr.
Tagy: Pridať tag
Žiadne tagy, Buďte prvý kto otaguje tento záznam!

MARC

LEADER 00000nam a22000001 4500
001 000102421
005 20091126160617.0
008 950911s1980 xr cze d
020 |a (brož.) 
040 |a SVKKK  |b slo  |c SVKKK  |e AACR2 
041 0 |a cze 
044 |a xr  |c CZ 
100 1 |a Alster, Ladislav,  |d 1927-1991  |4 aut 
245 1 0 |a Chci hrát šachy /  |c Ladislav Alster. 
250 |a 1. vyd. 
260 |a Praha :  |b Práce,  |c 1980. 
300 |a 374 s. :  |b obr. 
366 |e 45000 výt. 
490 1 |a Kamarád 
504 |a Prehl. lit. 
504 |a Menný register 
500 |a Il. tit. list 
500 |a Obálka: Oldřich Pošmurný 
910 |a svkkk 
998 |a BK 
090 |g SCKHL  |k Sklad Pribinova 2. posch.  |a II.263624  |j 631629  |i 2720318413  |s Absenčne 
090 |g SCKHL  |k Sklad Pribinova 2. posch.  |a II.263625  |i 102421-20  |s Absenčne 
090 |g SCKHL  |k Sklad Pribinova 2. posch.  |a II.263626  |i 102421-30  |s Absenčne 
090 |g SCKHL  |k Sklad Pribinova 2. posch.  |a II.263627  |i 102421-40  |s Absenčne